Normale Ansicht MARC-Ansicht ISBD

The light on the hill (Titelsatznr. 65472)

[ MARC ]
MARC-Details
000 -Satzkennung
Kontrollfeld mit fester Länge 01242nad a2200337 a 4500
001 - Kontrollnummer
Kontrollfeld MIU01000000000000005126164
003 - Kontrollnummer Identifier
Kontrollfeld MiU
005 - Datum und Zeit der letzten Transaktion
Kontrollfeld 20231010141118.0
007 - Feld mit fester Länge zur physischen Beschreibung - Allgemeine Information
Kontrollfeld mit fester Länge cr mnummmmuuuu
008 - Feld mit fester Länge zur physischen Beschreibung - Allgemeine Angaben
Kontrollfeld mit fester Länge 920710s1991 enkac sb 001 0 eng d
010 ## - Kontrollnummer der Library of Congress
Gelöschte/ungültige LC-Kontrollnummer 92104015
020 ## - Internationale Standardbuchnummer
Gelöschte/ungültige ISBN 019554966X
024 7# - Anderer Standardidentifier
Standardnummer oder Code 2027/heb03381
Quelle der Nummer oder des Codes hdl
040 ## - Katalogisierungsquelle
Original-Katalogisierungsstelle MiU
Übertragungsstelle MiU
090 ## - LOCALLY ASSIGNED LC-TYPE CALL NUMBER (OCLC); LOCAL CALL NUMBER (RLIN)
Notation (OCLC) (R) ; Notation, CALL (RLIN) (NR) JQ4098.L3
Local cutter number (OCLC) ; Book number/undivided call number, CALL (RLIN) (INTERNET)
041 ## - Sprachcode
Sprachcode des Textes/der Tonspur oder des separaten Titels eng
100 1# - Haupteintragung - Personenname
Personenname McMullin, Ross,
Datumsangaben in Verbindung mit einem Namen 1952-
Koha-Normdatenidentnummer 37656
245 14 - Titel
Titel The light on the hill
Medium [electronic resource] :
Zusatz zum Titel the Australian Labor Party, 1891-1991 /
Verfasserangabe etc. Ross McMullin.
264 ## - Produktion, Veröffentlichung, Distribution, Herstellung und Urheberrechtsvermerk
Herstellungs-, Veröffentlichungs- Vertriebs-, Erzeugungsort Oxford ;
Produzent, Herausgeber, Distributor, Hersteller Oxford University Press Australia,
Datum der Herstellung, der Veröffentlichung, des Vertriebs oder des Urheberschutzvermerks 1991.
300 ## - Physische Beschreibung
Umfang x, 502 p., [48] p. of plates :
Andere physische Details ill., ports. ;
Maße 25 cm.
336 ## - Inhaltstyp
Quelle rdacontent
Inhaltstypcode txt
Inhaltstypterm Text
337 ## - Medientyp
Quelle rdamedia
Medientypcode bc
Bezeichnung des Medientyps Computermedien
338 ## - Datenträgertyp
Quelle rdacarrier
Datenträgertypcode cr
Datenträgertypbezeichnung Online Ressource
504 ## - Fußnote zu Literaturverzeichnissen usw.
Fußnote zu Bibliographien usw. Includes bibliographical references (p. 447-480) and index.
500 ## - Allgemeine Fußnote
Allgemeine Fußnote E-Book-ACLS / Zugriff nur im DHI-Lesesaal
500 ## - Allgemeine Fußnote
Allgemeine Fußnote American Council of Learned Societies/ https://www.humanitiesebook.org/about/
610 20 - Nebeneintragung unter einem Schlagwort - Körperschaftsname
Körperschafts- oder Gebietskörperschaftsname als Eintragungselement Australian Labor Party
Allgemeine Unterteilung History.
Koha-Normdatenidentnummer 37657
830 #0 - Nebeneintragung unter dem Gesamttitel - Einheitstitel
Einheitstitel ACLS Humanities E-Book.
Koha-Normdatenidentnummer 37658
856 40 - Elektronische Adresse und Zugriff
OPAC-Notiz Volltext
URL <a href="https://hdl.handle.net/2027/heb03381">https://hdl.handle.net/2027/heb03381</a>
942 ## - Zusätzliche Felder (Koha)
Koha-Medientyp E-Books
Exemplare
Ausgeschieden Verloren Beschädigt Nicht entleihbar Heimatbibliothek Aufenthaltsbibliothek Aufstellungsort Erwerbungsdatum Inventarnummer Signatur Barcode Letzte Aktivität Preis gültig von Koha-Medientyp
        MWN Osteuropa MWN Osteuropa Online-Ressource 10/10/2023 23-e0ACLS E-23-e0ACLS 68307 10/10/2023 10/10/2023 E-Books